Harry Potter - D - Statistiques

Statistiques générales
  • Ce quiz a été pris 131 fois
    79 depuis la dernière actualisation
  • Le résultat moyen est 12 sur 19
Statistiques - réponses
Définition Nom % Correct
Elfe de maison Dobby
98%
AttrapeurDe l'équipe de quidditch De Serpentard Drago Malefoy
97%
Acteur jouant Harry Potter Daniel Radcliffe
92%
Créature magiqueCrachant du feu Dragon
92%
Gardien d'Azkaban Détraqueur
91%
Ami de Seamus Dean Thomas
89%
Cours de PoudlardEnseigné par un prof Différent chaque année Défense contre les forces du Mal
89%
Grande inquisitrice Dolores Ombrage
86%
Fantôme de Serdaigle Dame grise
81%
Horcruxe Diadème de Rowena Serdaigle
81%
Institut de magie Roumain Durmstrang
63%
Membre de l'ordre du Phénix Dedalus Diggle
38%
Maladie magique mortelle Dragoncelle
33%
Créature ressemblant à une fée Doxy
30%
Bonbon dont on ne sait pas à l'avance
le goût qu'on va avoir
Dragée surprise de Bertie Crochue
30%
Mention au dessus de troll Désolant
27%
Acteur de Rémus Lupin David Thewlis
22%
Liquide servant à paralyserLes doxy Doxycide
22%
Acteur jouant Argus Rusard David Bradley
16%
Aucun quiz correspondant
Distribution des résultats
% des personnes avec chaque résultat
Percentile par nombre de réponses
Votre historique - résultats
Vous n’avez pas pris ce quiz depuis la dernière actualisation